Tarot snów /

Hlavní autor: Marchetti, Ciro
Další autoři: Bursten, Lee
Jazyk: Polština
Vydáno: Praha : Synergie, c2009
Vydání: Wyd. 1.
Témata:
Fyzický popis: 253 s. : il. ; 14 cm + 79 karet
Knihy
Uloženo v:
LEADER 01592nam a2200457 a 4500
001 nkc20102116662
003 CZ PrNK
005 20110105134222.0
007 ta
008 100722s2009 xr a e f 000 0 pol
015 |a cnb002116662 
020 |a 978-80-7370-150-5  |q (brož.) 
035 |a (OCoLC)693926568 
040 |a BOA001  |b cze  |d ABA001 
041 1 |a pol  |h eng 
072 7 |a 133  |x Ezoterismus. Okultismus  |2 Konspekt  |9 17 
080 |a 133.3:794.43  |2 MRF 
080 |a (035)  |2 MRF 
080 |a (0.026.6)794.43  |2 MRF 
100 1 |a Marchetti, Ciro  |7 mzk2007394882  |4 ill 
245 1 0 |a Tarot snów /  |c [ilustrace] Ciro Marchetti ; [text] Lee Bursten ; [z angielskiego oryginału ... tłumaczyła Kamila Kempara-Sobowska] 
250 |a Wyd. 1. 
260 |a Praha :  |b Synergie,  |c c2009 
300 |a 253 s. :  |b il. ;  |c 14 cm +  |e 79 karet 
500 |a Pub. a karty uloženy v krabici (150 x 110 x 60 mm) 
504 |a Obsahuje bibliografii 
650 0 7 |a tarot  |7 ph116402  |2 czenas 
650 0 7 |a vykládání karet  |7 ph138942  |2 czenas 
650 0 9 |a tarot  |2 eczenas 
650 0 9 |a fortune telling by cards  |2 eczenas 
655 7 |a příručky  |7 fd133209  |2 czenas 
655 7 |a vykládací karty  |7 fd133822  |2 czenas 
655 9 |a handbooks and manuals  |2 eczenas 
655 9 |a fortune telling cards  |2 eczenas 
700 1 |a Bursten, Lee  |7 mzk2009512612  |4 aut 
765 0 |t Tarot of dreams  |9 Polsky 
910 2 |a BOA001  |b Z-1248.709 
990 |a BK 
995 |a 01 
991 |b 201009  |c NOV  |e n 
996 6 |b 2610447303  |c Z-1248.709  |l MZK  |r Sklad / do 24 hodin  |n 0  |p p.v.  |w 001141743  |u 000010  |a 1  |e BOA001  |j MZK50  |s P